| 000 | 01989nam a22002537i 4500 | ||
|---|---|---|---|
| 003 | URS | ||
| 050 | 1 | 4 |
_aQK 495.P17 _bAr279 2019 |
| 260 | _c2019 | ||
| 005 | 20220117151234.0 | ||
| 008 | 190403t2019 ||||| |||| 00| 0 eng d | ||
| 100 | 1 |
_aArcueno, Christian Jay M, _eauthor |
|
| 245 | 1 | 0 |
_aAboveground carbon stock assessment of pugahan (Caryota griffinthii Becc.) at Sitio Masalat Sampaloc, Tanay, Rizal / _cChristian Jay M. Arcueno. |
| 300 |
_axii, 49 leaves : _billustrations (some colour) ; _c28 cm |
||
| 336 |
_2rdacontent _atext |
||
| 337 |
_2rdamedia _aunmediated |
||
| 338 |
_2rdacarier _avolume |
||
| 502 |
_aThesis _bBachelor of Science in Forestry _cUniversity of Rizal System Tanay _d2019 |
||
| 504 | _aIncludes bibliographical references. | ||
| 520 | _aABSTRACT This study was intended towards the determination of the aboveground carbon stock in the Pugahan (Caryota griffinthii Becc.). The study was conducted at Sitio Masalat, Sampaloc, Tanay, Rizal. Ten Pugahan samples were used in the study. Only those with not less than 5 feet and not more than ten (10) feet in height were considered for the purpose of the study. In the formulation of the allometric equation, three (3) Pugahan samples were considered in the computation of the fix values. The samples were weighed in their green and dry conditions, and their height were measured. The data obtained were subjected to regression analysis. Pugahan (Caryota griffinthii Becc.) was observed to be growing well in the area and distributed either as solitary or in cluster. Aside from the mature plants, wildlings of the species were also observed growing in the area. Using the developed allometric equation, it was found out that as compared to other plant species, trees in particular; Pugahan has a lower capability to absorb and store carbon. | ||
| 650 | 0 |
_aCaryota _xCarbon content _zTanay (Rizal) |
|
| 653 | _aPaguhan | ||
| 700 |
_aNavalta, Edwin S. _edegree supervisor |
||
| 942 |
_2lcc _cT |
||
| 999 |
_c17210 _d17210 |
||